Southville International School and Colleges
Your cart is empty.
  • Cart
  • Lists
    Public lists list_1 View all
    Your lists Log in to create your own lists
  • Log in to your account
  • Your cookies
  • Search history
Southville International School and Colleges
  • Advanced search
  • Recent comments
  • Most popular
  • Libraries

Log in to your account

Log in with GOOGLE


If you do not have an external account, but do have a local account, you can still log in:

  1. Home
  2. MARC view: Introduction to management in the hospitality industry /
Normal view MARC view ISBD view

Introduction to management in the hospitality industry / (Record no. 21098)

[ view plain ]
MARC details
000 -LEADER
fixed length control field 00600nam a2200205 a 4500
005 - DATE AND TIME OF LATEST TRANSACTION
control field 20140310183307.0
008 - FIXED-LENGTH DATA ELEMENTS--GENERAL INFORMATION
fixed length control field 050906s19uu xx 00 eng d
020 ## - INTERNATIONAL STANDARD BOOK NUMBER
International Standard Book Number 0471274577
050 ## - LIBRARY OF CONGRESS CALL NUMBER
Classification number TX 911.3.M27
Item number .P68 2006
100 ## - MAIN ENTRY--PERSONAL NAME
Personal name Powers, Tom
245 ## - TITLE STATEMENT
Title Introduction to management in the hospitality industry /
Statement of responsibility, etc Tom Powers
250 ## - EDITION STATEMENT
Edition statement 8th ed.
260 ## - PUBLICATION, DISTRIBUTION, ETC. (IMPRINT)
Place of publication, distribution, etc New Jersey :
Name of publisher, distributor, etc John Wiley & Sons,
Date of publication, distribution, etc 2006.
300 ## - PHYSICAL DESCRIPTION
Extent 667 p. :
Other physical details col. ill. ;
Dimensions 24 cm.
521 ## - TARGET AUDIENCE NOTE
Target audience note
650 ## - SUBJECT ADDED ENTRY--TOPICAL TERM
Topical term or geographic name as entry element Hospitality industry
General subdivision Management.
700 ## - ADDED ENTRY--PERSONAL NAME
Personal name Barrows, Clayton W.
942 ## - ADDED ENTRY ELEMENTS (KOHA)
Koha item type Books
Source of classification or shelving scheme Library of Congress Classification
Call number prefix Foreign
Holdings
Withdrawn status Lost status Source of classification or shelving scheme Damaged status Home library Current library Shelving location Date acquired Source of acquisition Cost, normal purchase price Total Checkouts Total Renewals Full call number Barcode Date last seen Date checked out Uniform Resource Identifier Price effective from Koha item type
    Library of Congress Classification   College Library College Library General Circulation Section 10/09/2010 Donation 4758.00 1 2 TX 911.3.M27 .P68 2006 C6133 05/15/2018 06/20/2017 1 10/10/2013 Books

Introduction to management in the hospitality industry /

APA

Powers T., Barrows C. W., . (2006). Introduction to management in the hospitality industry. New Jersey: John Wiley & Sons.

Chicago

Powers Tom, Barrows Clayton W, . 2006. Introduction to management in the hospitality industry. New Jersey: John Wiley & Sons.

Harvard

Powers T., Barrows C. W., . (2006). Introduction to management in the hospitality industry. New Jersey: John Wiley & Sons.

MLA

Powers Tom, Barrows Clayton W, . Introduction to management in the hospitality industry. New Jersey: John Wiley & Sons. 2006.

  • Place hold
  • Print
  • Cite
  • Add to your cart (remove)
  • Save record
    BIBTEX Dublin Core MARCXML MARC (non-Unicode/MARC-8) MARC (Unicode/UTF-8) MARC (Unicode/UTF-8, Standard) MODS (XML) RIS
  • More searches
    Search for this title in:
    Other Libraries (WorldCat) Other Databases (Google Scholar) Online Stores (Bookfinder.com) Open Library (openlibrary.org)

Exporting to Dublin Core...

SOUTHVILLE LIBRARY

Southville International School and Colleges Library

1281 Tropical Ave. Cor. Luxembourg St., BF Homes International, Las Pinas City

Tel. No. 8256374 / 252358 Loc. 117/146

Powered by Koha